000 00708nam a22002177a 4500
003 UA-OsUOA
001 45832
007 ta
008 20070521b un ||||| |||| 00| 0 ukr d
100 _aКуделя П.
090 _a94(477)
_bП-11
942 _cSA
040 _aUA-OsUOA
_bukr
_cUA-OsUOA
_dUA-OsUOA
245 _aАкція "Вісла": погляд через десятиріччя. До 60-ї річниці депортації українців Закерзоння
300 _aС.7
955 _a0
041 _aukr
080 _a94(477)
773 0 _w45831
_tВільне слово
_dРівне
_d2007
_g38
650 7 _a9 Географія. Біографії. Історія
_2UDC
999 _c331924
_d331924